Лудовик, или Сын человека с гением. (Запись № 12600919)

Подробности
000 -МАРКЕР
контрольное поле 01899nam1a22003611i 4500
001 - ИДЕНТИФИКАТОР ЗАПИСИ
контрольное поле RU\NLR\BIBL_A\022052099
005 - ИДЕНТИФИКАТОР ВЕРСИИ
контрольное поле 20260406111724.0
035 ## - ДРУГИЕ СИСТЕМНЫЕ НОМЕРА
Идентификатор записи (NLR Aleph) 022052099
100 ## - ДАННЫЕ ОБЩЕЙ ОБРАБОТКИ
Данные общей обработки 20231017d1820 m y0rusy50 ca
101 0# - ЯЗЫК РЕСУРСА
Язык текста, звукозаписи и т.д. русский
Язык промежуточного перевода французский
Язык оригинала английский
102 ## - СТРАНА ПУБЛИКАЦИИ ИЛИ ПРОИЗВОДСТВА
Страна публикации Российская Федерация
140 ## - ПОЛЕ КОДИРОВАННЫХ ДАННЫХ: СТАРОПЕЧАТНЫЕ ИЗДАНИЯ - ОБЩАЯ ИНФОРМАЦИЯ
Кодированные данные о старопечатном издании - Основные y y eayaa0000
200 1# - ЗАГЛАВИЕ И СВЕДЕНИЯ ОБ ОТВЕТСТВЕННОСТИ
Основное заглавие Лудовик, или Сын человека с гением.
Первые сведения об ответственности Переведено с английскаго на французский баронессою Монтолье.
Последующие сведения об ответственности С французскаго князем Шаликовым
210 ## - ПУБЛИКАЦИЯ, РАСПРОСТРАНЕНИЕ И ДР.
Место издания, распространения и т.д. Москва
Имя издателя, распространителя и т. д. в Театральной типографии
Дата издания, распространения и т.д. 1820
215 ## - ФИЗИЧЕСКАЯ ХАРАКТЕРИСТИКА
Размеры 18°
300 ## - ОБЩИЕ ПРИМЕЧАНИЯ
Текст примечания Ценз.: Л.А.Цветаев, 22 апр. 1819 г.
300 ## - ОБЩИЕ ПРИМЕЧАНИЯ
Текст примечания Авт. установлен по изд.: Barbier. 1873. V.2, p.1352
300 ## - ОБЩИЕ ПРИМЕЧАНИЯ
Текст примечания Загл. ориг.: The son of a genius
300 ## - ОБЩИЕ ПРИМЕЧАНИЯ
Текст примечания На с.[5] ч.1 посвящ. пер. Д.Д.Цицианову
300 ## - ОБЩИЕ ПРИМЕЧАНИЯ
Текст примечания На с.[9-10] и с.1 ч.1 предисл. авт. фр. пер. с подписью: Изабелла Монтолье
620 ## - МЕСТО И ДАТА ПУБЛИКАЦИИ, ИСПОЛНЕНИЯ И Т. Д.
Город Москва
700 #1 - ИМЯ ЛИЦА - ПЕРВИЧНАЯ ОТВЕТСТВЕННОСТЬ
Начальный элемент ввода Хофланд
Часть имени, кроме начального элемента ввода Б.
Даты 1770-1844
Расширение инициалов личного имени Барбара
702 #1 - ИМЯ ЛИЦА - ВТОРИЧНАЯ ОТВЕТСТВЕННОСТЬ
Код отношения Переводчик
Материалы, к которым относится поле rus
Графика поля Кириллица
Начальный элемент ввода Шаликов
Часть имени, кроме начального элемента ввода П. И.
Даты 1768-1852
Расширение инициалов личного имени Петр Иванович
Идентификатор авторитетной/нормативной записи RU\NLR\AUTH\7794525
Системный номер авторитетной/нормативной записи 77451
702 #1 - ИМЯ ЛИЦА - ВТОРИЧНАЯ ОТВЕТСТВЕННОСТЬ
Код отношения Переводчик
Графика поля Кириллица
Материалы, к которым относится поле rus
Начальный элемент ввода Монтолье
Часть имени, кроме начального элемента ввода И. де
Даты 1751-1832
Расширение инициалов личного имени Изабелла де
Системный номер авторитетной/нормативной записи 253215
Идентификатор авторитетной/нормативной записи RU\NLR\AUTH\770253271
702 #1 - ИМЯ ЛИЦА - ВТОРИЧНАЯ ОТВЕТСТВЕННОСТЬ
Код отношения Цензор
Материалы, к которым относится поле rus
Графика поля Кириллица
Начальный элемент ввода Цветаев
Часть имени, кроме начального элемента ввода Л. А.
Даты 1777-1835
Расширение инициалов личного имени Лев Алексеевич
Идентификатор авторитетной/нормативной записи RU\NLR\AUTH\77123001
Системный номер авторитетной/нормативной записи 105926
702 #1 - ИМЯ ЛИЦА - ВТОРИЧНАЯ ОТВЕТСТВЕННОСТЬ
Начальный элемент ввода Цицианов
Часть имени, кроме начального элемента ввода Д.Д.
Расширение инициалов личного имени Дмитрий Дмитриевич
Код отношения Объект посвящения
712 00 - НАИМЕНОВАНИЕ ОРГАНИЗАЦИИ - ВТОРИЧНАЯ ОТВЕТСТВЕННОСТЬ
Код отношения Печатник (типограф)
Начальный элемент ввода Плавильщиков,
Идентифицирующий признак Петербург
Инверсированный элемент В. А.,
Часть наименования, отличная от начального элемента ввода и от инверсированного элемента типография
Системный номер авторитетной/нормативной записи 517304
Идентификатор авторитетной/нормативной записи RU\NLR\AUTH\880426395
852 ## - МЕСТОНАХОЖДЕНИЕ И ШИФР ХРАНЕНИЯ
Идентификатор организации NLR
Шифр хранения (Call Number) 18.227.6.12-1-2
942 ## - ДОПОЛНИТЕЛЬНЫЕ ЭЛЕМЕНТЫ ЗАПИСИ (АБИС)
Тип экземпляра АБИС Книга
980 ## - КОЛЛЕКЦИЯ
Название коллекции Русская книга гражданской печати XIX в.

Нет доступных экземпляров.